000 00313nam a2200133Ia 4500
008 260107s9999||||xx |||||||||||||| ||und||
020 _a9781728290737
082 _a823.92
_bRON
100 _aRon, Mercedes
_96322
245 0 _aMy fault
260 _aIllinois
_bBloom Books
_c2023
300 _a383 p.
942 _cGB
999 _c33475
_d33475